<?xml version="1.0" encoding="UTF-8"?>
<collection xmlns="http://www.loc.gov/MARC21/slim">
 <record>
  <leader>01037cam a2200241 a 4500</leader>
  <controlfield tag="001">EEO.eeo002728</controlfield>
  <controlfield tag="008">980313s1998####nyu####g#b####001#0#eng##</controlfield>
  <controlfield tag="005">20160627121550.0</controlfield>
  <datafield tag="245" ind1="1" ind2="0">
   <subfield code="a">Moral calculations :</subfield>
   <subfield code="b">game theory, logic, and human frailty /</subfield>
   <subfield code="c">László Méro ; traducido por Anna C. Gösi-Greguss ; versión en ingles editada por David Kramer.</subfield>
  </datafield>
  <datafield tag="260" ind1=" " ind2=" ">
   <subfield code="a">New York, NY :</subfield>
   <subfield code="b">Copernicus,</subfield>
   <subfield code="c">c1998.</subfield>
  </datafield>
  <datafield tag="300" ind1=" " ind2=" ">
   <subfield code="a">xi, 276 p. ;</subfield>
   <subfield code="c">25 cm.</subfield>
  </datafield>
  <datafield tag="504" ind1=" " ind2=" ">
   <subfield code="a">Incluye referencias bibliográficas (p. [261]-268) e índice.</subfield>
  </datafield>
  <datafield tag="020" ind1=" " ind2=" ">
   <subfield code="a">0387984194 (hardcover : alk. paper)</subfield>
  </datafield>
  <datafield tag="100" ind1="1" ind2=" ">
   <subfield code="a">Méro, László.</subfield>
  </datafield>
  <datafield tag="082" ind1="0" ind2="0">
   <subfield code="a">519.3</subfield>
   <subfield code="2">21</subfield>
  </datafield>
  <datafield tag="650" ind1=" " ind2="7">
   <subfield code="a">Teoría de juegos.</subfield>
   <subfield code="2">Isoc</subfield>
  </datafield>
  <datafield tag="653" ind1=" " ind2=" ">
   <subfield code="a">Economía matemática</subfield>
  </datafield>
  <datafield tag="010" ind1=" " ind2=" ">
   <subfield code="a">   98017443 </subfield>
  </datafield>
  <datafield tag="040" ind1=" " ind2=" ">
   <subfield code="a">DLC</subfield>
   <subfield code="c">DLC</subfield>
   <subfield code="d">DLC</subfield>
  </datafield>
  <datafield tag="050" ind1="0" ind2="0">
   <subfield code="a">QA269</subfield>
   <subfield code="b">.M457 1998</subfield>
  </datafield>
  <datafield tag="856" ind1="4" ind2="2">
   <subfield code="3">Publisher description</subfield>
   <subfield code="u">http://www.loc.gov/catdir/enhancements/fy0817/98017443-d.html</subfield>
  </datafield>
  <datafield tag="856" ind1="4" ind2="1">
   <subfield code="3">Table of contents only</subfield>
   <subfield code="u">http://www.loc.gov/catdir/enhancements/fy0817/98017443-t.html</subfield>
  </datafield>
  <datafield tag="859" ind1=" " ind2=" ">
   <subfield code="a">AR-BaUEB</subfield>
   <subfield code="b">BIB. ECONOMIA - General</subfield>
   <subfield code="h">519.3</subfield>
   <subfield code="i">M549</subfield>
   <subfield code="p">e15004</subfield>
  </datafield>
 </record>
</collection>
